[Event "Titled Tuesday intern op 18th Jun Late"]
[Site "Chess.com INT"]
[Date "2024.06.18"]
[Round "5"]
[White "Girones Barrios, Yans Richard"]
[Black "Yuan, Qingyu"]
[Result "1-0"]
[WhiteElo "2392"]
[BlackElo "2360"]
[PlyCount "123"]
[EventDate "2024.06.18"]
[EventType "swiss (blitz)"]
[EventRounds "11"]
[EventCountry "USA"]
[SourceTitle "EXT 2025"]
[Source "ChessBase"]
[SourceDate "2024.10.14"]
[SourceVersion "1"]
[SourceVersionDate "2024.10.14"]
[SourceQuality "1"]

1. d4 Nf6 2. c4 e6 3. Nc3 c5 4. d5 exd5 5. cxd5 d6 6. e4 g6 7. Bd3 Bg7 8. h3 0-0 9. Nf3 b5 10. Nxb5 Nxe4 11. 0-0 Re8 12. Re1 a6 13. Rxe4 Rxe4 14. Nxd6 Rb4 15. a3 Rb6 16. Nc4 Rb7 17. Be4 Re7 18. Bg5 f6 19. d6 Rxe4 20. Qd5+ Re6 21. Qxa8 fxg5 22. Qxb8 Bf6 23. Rd1 Bd7 24. Qc7 Qe8 25. Nb6 Bd8 26. Qxd7 Bxb6 27. Qxe8+ Rxe8 28. d7 Ra8 29. Nxg5 Bd8 30. Re1 Kg7 31. Re8 Kf6 32. Ne6 Rb8 33. Nxd8 Rxb2 34. Kh2 Rd2 35. Nb7 Rxd7 36. Nxc5 Ra7 37. Rc8 a5 38. a4 Ke5 39. Nb3 Kd5 40. Rc5+ Kd6 41. Rxa5 Rf7 42. f3 Rb7 43. Ra6+ Kd5 44. Nd2 Rb2 45. Ne4 Kd4 46. Rd6+ Ke3 47. a5 Ra2 48. a6 h5 49. h4 Ra1 50. Kg3 Ke2 51. Rxg6 Ke3 52. Rd6 Ra5 53. Nc3 Rg5+ 54. hxg5 h4+ 55. Kh2 h3 56. gxh3 Kf4 57. g6 Ke3 58. g7 Kf4 59. g8Q Ke3 60. Qe6+ Kf2 61. Rd2+ Kf1 62. Qe2# 1-0

[Event "Titled Tuesday intern op 18th Jun Late"]
[Site "Chess.com INT"]
[Date "2024.06.18"]
[Round "2"]
[White "Porat, Tori"]
[Black "Girones Barrios, Yans Richard"]
[Result "0-1"]
[WhiteElo "1895"]
[BlackElo "2392"]
[PlyCount "160"]
[EventDate "2024.06.18"]
[EventType "swiss (blitz)"]
[EventRounds "11"]
[EventCountry "USA"]
[SourceTitle "EXT 2025"]
[Source "ChessBase"]
[SourceDate "2024.10.14"]
[SourceVersion "1"]
[SourceVersionDate "2024.10.14"]
[SourceQuality "1"]

1. d4 Nf6 2. c4 e6 3. Nc3 Bb4 4. e3 c5 5. Nf3 d5 6. Bd3 dxc4 7. Bxc4 Nc6 8. 0-0 cxd4 9. Nxd4 Nxd4 10. exd4 0-0 11. Bg5 h6 12. Bh4 Qc7 13. Qe2 Be7 14. Rac1 Bd7 15. d5 e5 16. Rfd1 Rac8 17. Bb3 Rfe8 18. h3 Qb6 19. Bg3 Bd6 20. Bh4 g5 21. Bg3 e4 22. Bxd6 Qxd6 23. Qe3 a6 24. Re1 Qf4 25. Bc2 Bf5 26. Rcd1 Qxe3 27. Rxe3 Red8 28. f3 Rc5 29. fxe4 Bh7 30. a3 Re8 31. Rde1 Re5 32. Kf2 g4 33. Bb1 gxh3 34. gxh3 Kf8 35. Kg3 Ne8 36. Ne2 Rg5+ 37. Kh2 Nd6 38. h4 Rg4 39. e5 Bxb1 40. exd6 Bf5 41. Ng3 Rxh4+ 42. Kg2 Bh3+ 43. Kf2 Rxd5 44. Re8+ Kg7 45. R8e4 Rxe4 46. Nxe4 Bf5 47. Ng3 Bg6 48. Re7 Rxd6 49. Rxb7 h5 50. b4 h4 51. Ne2 Rd2 52. Re7 Bh5 53. Re3 h3 54. Rg3+ Kf8 55. Re3 Rxe2+ 56. Rxe2 Bxe2 57. Kg3 Bf1 58. Kh2 Ke7 59. a4 Kd6 60. b5 axb5 61. axb5 Kc5 62. Kg3 Kxb5 63. Kh2 Kc5 64. Kg3 Kd4 65. Kh2 Ke3 66. Kg3 f5 67. Kh2 Bg2 68. Kg3 f4+ 69. Kh2 f3 70. Kg1 f2+ 71. Kh2 f1N+ 72. Kg1 Nd2 73. Kh2 Kf4 74. Kg1 Kg4 75. Kh2 Ne4 76. Kg1 Bf3 77. Kh2 Kh4 78. Kg1 Kg3 79. Kf1 h2 80. Ke1 h1Q# 0-1

[Event "Titled Tuesday intern op 18th Jun Late"]
[Site "Chess.com INT"]
[Date "2024.06.18"]
[Round "4"]
[White "Rodrigues Mota, Romulo Cardoso S"]
[Black "Girones Barrios, Yans Richard"]
[Result "0-1"]
[WhiteElo "2027"]
[BlackElo "2392"]
[PlyCount "154"]
[EventDate "2024.06.18"]
[EventType "swiss (blitz)"]
[EventRounds "11"]
[EventCountry "USA"]
[SourceTitle "EXT 2025"]
[Source "ChessBase"]
[SourceDate "2024.10.14"]
[SourceVersion "1"]
[SourceVersionDate "2024.10.14"]
[SourceQuality "1"]

1. e4 e5 2. Nf3 Nc6 3. d4 exd4 4. Bc4 Nf6 5. e5 d5 6. Bb5 Ne4 7. Nxd4 Bd7 8. Bxc6 bxc6 9. 0-0 Bc5 10. f3 Ng5 11. f4 Ne4 12. Be3 Bb6 13. Nd2 c5 14. N4f3 Nxd2 15. Qxd2 d4 16. Bf2 Bc6 17. c3 Bxf3 18. gxf3 Qd5 19. Kg2 d3 20. b3 c4 21. bxc4 Qxc4 22. Rab1 Bxf2 23. Rxf2 a5 24. f5 0-0 25. f6 Kh8 26. Qg5 Rg8 27. Kh1 Qc6 28. Rg1 gxf6 29. Qxf6+ Qxf6 30. exf6 Rg6 31. Rd1 Rd8 32. Rfd2 Rxf6 33. Rxd3 Rxd3 34. Rxd3 a4 35. Kg2 Rb6 36. Rd7 Rb2+ 37. Kg3 Kg7 38. Rxc7 Rxa2 39. c4 h5 40. c5 Kg6 41. c6 Kf6 42. Ra7 Rc2 43. Rxa4 Rxc6 44. Kh4 Kg6 45. h3 f6 46. Ra8 Rc4+ 47. Kg3 h4+ 48. Kf2 Rc2+ 49. Kg1 Kg5 50. Ra4 f5 51. f4+ Kh5 52. Ra5 Kg6 53. Ra6+ Kg7 54. Ra5 Rc3 55. Rxf5 Rxh3 56. Kg2 Rg3+ 57. Kh2 Kg6 58. Ra5 Rf3 59. Rg5+ Kf6 60. Rg4 Kf5 61. Rxh4 Rxf4 62. Rh8 Rg4 63. Rf8+ Ke4 64. Ra8 Kf3 65. Ra3+ Kf2 66. Ra2+ Kf3 67. Kh3 Rg3+ 68. Kh4 Rg8 69. Kh5 Kf4 70. Ra4+ Kf5 71. Ra5+ Kf6 72. Ra1 Rh8+ 73. Kg4 Rg8+ 74. Kf4 Re8 75. Ra6+ Kf7 76. Ra8 Rxa8 77. Ke5 Ra6 0-1

[Event "Titled Tuesday intern op 18th Jun Late"]
[Site "Chess.com INT"]
[Date "2024.06.18"]
[Round "9"]
[White "Vemparala, Nikash"]
[Black "Girones Barrios, Yans Richard"]
[Result "0-1"]
[WhiteElo "2170"]
[BlackElo "2392"]
[PlyCount "44"]
[EventDate "2024.06.18"]
[EventType "swiss (blitz)"]
[EventRounds "11"]
[EventCountry "USA"]
[SourceTitle "EXT 2025"]
[Source "ChessBase"]
[SourceDate "2024.10.14"]
[SourceVersion "1"]
[SourceVersionDate "2024.10.14"]
[SourceQuality "1"]

1. e4 e5 2. Nf3 Nc6 3. Bc4 Bc5 4. c3 Nf6 5. d3 d6 6. 0-0 a6 7. a4 h6 8. Bb3 Bg4 9. Nbd2 Bh5 10. Nc4 g5 11. Bc2 g4 12. Nh4 g3 13. Qe1 gxf2+ 14. Rxf2 Ng4 15. d4 Qxh4 16. g3 Qh3 17. dxc5 Rg8 18. Rg2 Nxh2 19. Bd1 Nf3+ 20. Bxf3 Bxf3 21. Rh2 Rxg3+ 22. Qxg3 Qxg3+ 0-1

[Event "Titled Tuesday intern op 11th Jun Late"]
[Site "Chess.com INT"]
[Date "2024.06.11"]
[Round "9"]
[White "Gelman, Alexander"]
[Black "Girones Barrios, Yans Richard"]
[Result "0-1"]
[WhiteElo "2403"]
[BlackElo "2392"]
[PlyCount "110"]
[EventDate "2024.06.11"]
[EventType "swiss (blitz)"]
[EventRounds "11"]
[EventCountry "USA"]
[SourceTitle "EXT 2025"]
[Source "ChessBase"]
[SourceDate "2024.10.14"]
[SourceVersion "1"]
[SourceVersionDate "2024.10.14"]
[SourceQuality "1"]

1. c4 e5 2. e3 Nf6 3. a3 Nc6 4. d3 d5 5. cxd5 Nxd5 6. Nf3 Be7 7. Nbd2 0-0 8. b4 Bf6 9. Bb2 Re8 10. Ne4 a6 11. Rc1 Be7 12. Be2 f5 13. Ned2 Bf6 14. Qc2 Be6 15. Nb3 Bf7 16. Nc5 Qc8 17. 0-0 Nd8 18. Rfd1 Ne6 19. Nb3 Ng5 20. g3 f4 21. e4 Nh3+ 22. Kg2 fxg3 23. hxg3 Nhf4+ 24. gxf4 Nxf4+ 25. Kf1 Qh3+ 26. Ke1 Bh5 27. Qc4+ Kh8 28. Ng1 Qg2 29. Kd2 Bxe2 30. Nxe2 Qxf2 31. Re1 Bg5 32. Kd1 Ng2 33. Bc3 Ne3+ 34. Kd2 Nxc4+ 35. Kc2 Bxc1 36. Nbxc1 Nxa3+ 37. Kb3 Nb5 38. Bb2 a5 39. Kc4 Nd6+ 40. Kd5 Qf7+ 41. Kc5 b6+ 42. Kc6 Red8 43. d4 Qd7+ 44. Kd5 Nb5+ 45. Kc4 Nxd4 46. Kd3 Nxe2+ 47. Ke3 Qb5 48. Rxe2 Rd4 49. Kf3 Rf8+ 50. Kg3 Rxb4 51. Rg2 Rxb2 52. Ne2 Rxe2 53. Kh3 Qd3+ 54. Kh4 Rxg2 55. Kh5 Qh3# 0-1

[Event "Titled Tuesday intern op 11th Jun Late"]
[Site "Chess.com INT"]
[Date "2024.06.11"]
[Round "10"]
[White "Girones Barrios, Yans Richard"]
[Black "Ashraf, Artin"]
[Result "0-1"]
[WhiteElo "2392"]
[BlackElo "2391"]
[PlyCount "48"]
[EventDate "2024.06.11"]
[EventType "swiss (blitz)"]
[EventRounds "11"]
[EventCountry "USA"]
[SourceTitle "EXT 2025"]
[Source "ChessBase"]
[SourceDate "2024.10.14"]
[SourceVersion "1"]
[SourceVersionDate "2024.10.14"]
[SourceQuality "1"]

1. d4 d5 2. c4 e6 3. Nc3 c6 4. e3 Nf6 5. Nf3 Nbd7 6. Qc2 Bd6 7. Bd3 dxc4 8. Bxc4 b5 9. Bb3 Bb7 10. 0-0 0-0 11. Rd1 Qc7 12. e4 e5 13. h3 a6 14. Bg5 Rfe8 15. a3 exd4 16. Nxd4 c5 17. Ndxb5 axb5 18. Nxb5 Bh2+ 19. Kh1 Qb8 20. Qc4 Re6 21. Bxf6 Nxf6 22. f3 Be5 23. Qe2 Nh5 24. Qe1 Ba6 0-1

[Event "Titled Tuesday intern op 11th Jun Late"]
[Site "Chess.com INT"]
[Date "2024.06.11"]
[Round "2"]
[White "Girones Barrios, Yans Richard"]
[Black "Timmermans, Mark"]
[Result "0-1"]
[WhiteElo "2392"]
[BlackElo "2399"]
[PlyCount "56"]
[EventDate "2024.06.11"]
[EventType "swiss (blitz)"]
[EventRounds "11"]
[EventCountry "USA"]
[SourceTitle "EXT 2025"]
[Source "ChessBase"]
[SourceDate "2024.10.14"]
[SourceVersion "1"]
[SourceVersionDate "2024.10.14"]
[SourceQuality "1"]

1. d4 Nf6 2. c4 e6 3. Nc3 Bb4 4. Qc2 0-0 5. Bd2 c5 6. a3 Bxc3 7. Bxc3 b6 8. Nf3 Bb7 9. Rd1 Ne4 10. d5 exd5 11. cxd5 Nxc3 12. bxc3 d6 13. e4 Re8 14. Bb5 Nd7 15. Qa4 a6 16. Bxd7 b5 17. Qc2 Qxd7 18. 0-0 Qc7 19. Rfe1 Bc8 20. h3 f6 21. Rb1 Bd7 22. Nd2 Re7 23. f3 Rae8 24. c4 f5 25. cxb5 axb5 26. Rbc1 Qa7 27. Qb2 fxe4 28. Nxe4 Bf5 0-1

[Event "Titled Tuesday intern op 11th Jun Late"]
[Site "Chess.com INT"]
[Date "2024.06.11"]
[Round "7"]
[White "Makaraci, Tunahan"]
[Black "Girones Barrios, Yans Richard"]
[Result "0-1"]
[WhiteElo "2254"]
[BlackElo "2392"]
[PlyCount "98"]
[EventDate "2024.06.11"]
[EventType "swiss (blitz)"]
[EventRounds "11"]
[EventCountry "USA"]
[SourceTitle "EXT 2025"]
[Source "ChessBase"]
[SourceDate "2024.10.14"]
[SourceVersion "1"]
[SourceVersionDate "2024.10.14"]
[SourceQuality "1"]

1. e4 e5 2. Nc3 Nf6 3. f4 d5 4. fxe5 Nxe4 5. Qf3 Nxc3 6. dxc3 Be6 7. Bf4 Qh4+ 8. g3 Qg4 9. Be2 Qxf3 10. Nxf3 h6 11. h4 Bf5 12. 0-0-0 c6 13. c4 Be4 14. cxd5 cxd5 15. Rhe1 Nc6 16. Nd4 Nxd4 17. Rxd4 Bc5 18. Bb5+ Ke7 19. Rdd1 Rac8 20. c3 a6 21. Ba4 Bf3 22. Rd3 Be4 23. Rd2 Rhd8 24. Bc2 Bxc2 25. Rxc2 d4 26. cxd4 Bxd4 27. Rxc8 Rxc8+ 28. Kb1 Ke6 29. Re4 Rd8 30. Kc2 Rd5 31. b4 Bxe5 32. Bxe5 Rxe5 33. Rc4 Re2+ 34. Kb3 Re3+ 35. Kb2 Rxg3 36. Rc7 b5 37. Rc6+ Kd5 38. Rc5+ Kd4 39. Rc6 f5 40. a3 f4 41. Rd6+ Ke3 42. Re6+ Kf2 43. Rxa6 Kg2 44. a4 bxa4 45. Rxa4 f3 46. b5 f2 47. Ra1 f1Q 48. Rxf1 Kxf1 49. b6 Rg6 0-1

[Event "Titled Tuesday intern op 04th Jun Late"]
[Site "Chess.com INT"]
[Date "2024.06.04"]
[Round "3"]
[White "Girones Barrios, Yans Richard"]
[Black "Jakubowski, Krzysztof"]
[Result "1/2-1/2"]
[WhiteElo "2392"]
[BlackElo "2457"]
[PlyCount "112"]
[EventDate "2024.06.04"]
[EventType "swiss (blitz)"]
[EventRounds "11"]
[EventCountry "USA"]
[SourceTitle "EXT 2025"]
[Source "ChessBase"]
[SourceDate "2024.10.14"]
[SourceVersion "1"]
[SourceVersionDate "2024.10.14"]
[SourceQuality "1"]

1. d4 Nf6 2. c4 e6 3. Nc3 Bb4 4. Qc2 d5 5. cxd5 exd5 6. Nf3 c6 7. Bg5 h6 8. Bh4 g5 9. Bg3 Ne4 10. Be5 0-0 11. Nd2 Nd7 12. Ndxe4 dxe4 13. Qxe4 Qa5 14. Qc2 Nxe5 15. dxe5 Bf5 16. Qb3 Be6 17. Qc2 Rad8 18. a3 Rd5 19. h4 g4 20. Rc1 Bxc3+ 21. Qxc3 Rxe5 22. Qxa5 Rxa5 23. e3 Rd8 24. Be2 Rad5 25. Rd1 h5 26. Rxd5 Rxd5 27. f3 g3 28. f4 a5 29. b4 axb4 30. axb4 Rd8 31. e4 Rd4 32. Bf3 Rxb4 33. Kd2 Bg4 34. Rf1 Rb2+ 35. Ke3 Rb3+ 36. Kd4 Bxf3 37. gxf3 Kf8 38. f5 Ke7 39. e5 Rb4+ 40. Ke3 Rxh4 41. Rg1 Rh3 42. Kf4 h4 43. f6+ Ke8 44. e6 fxe6 45. Ke5 Kf7 46. Rd1 g2 47. Rd7+ Ke8 48. Kxe6 Rxf3 49. Re7+ Kd8 50. Rg7 Re3+ 51. Kd6 Rg3 52. f7 Rd3+ 53. Ke6 Re3+ 54. Kd6 Rd3+ 55. Ke6 Re3+ 56. Kd6 Rd3+ 1/2-1/2

[Event "Titled Tuesday intern op 04th Jun Late"]
[Site "Chess.com INT"]
[Date "2024.06.04"]
[Round "6"]
[White "Girones Barrios, Yans Richard"]
[Black "Reyes Zavaleta, Fabian Ricardo"]
[Result "0-1"]
[WhiteElo "2392"]
[BlackElo "2037"]
[PlyCount "66"]
[EventDate "2024.06.04"]
[EventType "swiss (blitz)"]
[EventRounds "11"]
[EventCountry "USA"]
[SourceTitle "EXT 2025"]
[Source "ChessBase"]
[SourceDate "2024.10.14"]
[SourceVersion "1"]
[SourceVersionDate "2024.10.14"]
[SourceQuality "1"]

1. d4 Nf6 2. c4 g6 3. Nc3 d5 4. cxd5 Nxd5 5. e4 Nxc3 6. bxc3 Bg7 7. Be3 c5 8. Rc1 Qa5 9. Qd2 cxd4 10. cxd4 Qxd2+ 11. Bxd2 0-0 12. d5 e6 13. Bb5 Na6 14. Bxa6 bxa6 15. Bb4 Rd8 16. Be7 Rd7 17. d6 Be5 18. Rd1 a5 19. Nf3 Bc3+ 20. Ke2 Ba6+ 21. Ke3 Bg7 22. e5 Bb7 23. Kf4 Bh6+ 24. Bg5 Bg7 25. Rb1 Bd5 26. a3 h6 27. Be7 g5+ 28. Ke3 Bxf3 29. Kxf3 Bxe5 30. Rhd1 Rc8 31. Rb5 Bg7 32. Rxa5 Bf8 33. Bxf8 Kxf8 0-1

[Event "Titled Tuesday intern op 04th Jun Early"]
[Site "Chess.com INT"]
[Date "2024.06.04"]
[Round "6"]
[White "Golsefidy, Sepehr"]
[Black "Girones Barrios, Yans Richard"]
[Result "0-1"]
[WhiteElo "2018"]
[BlackElo "2392"]
[PlyCount "140"]
[EventDate "2024.06.04"]
[EventType "swiss (blitz)"]
[EventRounds "11"]
[EventCountry "USA"]
[SourceTitle "EXT 2025"]
[Source "ChessBase"]
[SourceDate "2024.10.14"]
[SourceVersion "1"]
[SourceVersionDate "2024.10.14"]
[SourceQuality "1"]

1. d4 Nf6 2. c4 e6 3. Nc3 Bb4 4. f3 d5 5. a3 Bxc3+ 6. bxc3 c5 7. cxd5 Nxd5 8. dxc5 Qa5 9. Bd2 Qxc5 10. e4 Ne3 11. Qc1 Nxf1 12. Kxf1 b6 13. Ne2 Ba6 14. Be3 Qc4 15. Qc2 Nc6 16. Kf2 Ne5 17. Rhd1 Rc8 18. Rd4 Qxe2+ 19. Qxe2 Bxe2 20. Kxe2 Rxc3 21. Rd2 Rxe3+ 22. Kxe3 Nc4+ 23. Ke2 Nxd2 24. Kxd2 Ke7 25. Rc1 Kd7 26. Ke3 Rc8 27. Rd1+ Ke7 28. Rd3 Rc5 29. Kf4 Kf6 30. Rd7 Ra5 31. e5+ Kg6 32. h4 h5 33. g4 Ra4+ 34. Kg3 hxg4 35. f4 f5 36. Re7 Rxa3+ 37. Kg2 Rf3 38. Rxe6+ Kh7 39. Re7 Rxf4 40. Rxa7 Re4 41. Rb7 Rxe5 42. Rxb6 f4 43. Rb4 Rf5 44. Rc4 Kh6 45. Rc8 Kg6 46. Rc6+ Rf6 47. Rc5 Ra6 48. Rg5+ Kf6 49. Rxg4 Kf5 50. Rxg7 Ra2+ 51. Kf3 Ra3+ 52. Kf2 Rh3 53. Rg5+ Ke4 54. Rh5 Rh2+ 55. Kg1 Ra2 56. Rh8 Kf3 57. Rb8 Rg2+ 58. Kf1 Rh2 59. Rb3+ Kg4 60. Kg1 Rxh4 61. Ra3 Rh5 62. Rb3 Ra5 63. Rc3 Ra2 64. Rb3 f3 65. Rb8 Rg2+ 66. Kh1 Kg3 67. Rg8+ Kf2 68. Rh8 Rg1+ 69. Kh2 Rg5 70. Rf8 Rh5# 0-1

[Event "Titled Tuesday intern op 23rd Apr Early"]
[Site "Chess.com INT"]
[Date "2024.04.23"]
[Round "11"]
[White "Aranda, Juan Manuel"]
[Black "Girones Barrios, Yans Richard"]
[Result "0-1"]
[WhiteElo "2102"]
[BlackElo "2392"]
[PlyCount "88"]
[EventDate "2024.04.23"]
[EventType "swiss (blitz)"]
[EventRounds "11"]
[EventCountry "USA"]
[SourceTitle "EXT 2025"]
[Source "ChessBase"]
[SourceDate "2024.10.14"]
[SourceVersion "1"]
[SourceVersionDate "2024.10.14"]
[SourceQuality "1"]

1. Nf3 Nf6 2. g3 d5 3. Bg2 c5 4. 0-0 Nc6 5. d4 cxd4 6. Nxd4 e5 7. Nxc6 bxc6 8. c3 Be7 9. c4 Be6 10. Nc3 Qd7 11. Bg5 d4 12. Qa4 Rc8 13. Bxf6 gxf6 14. Ne4 f5 15. Nd2 0-0 16. Rad1 e4 17. b4 a5 18. bxa5 c5 19. Qxd7 Bxd7 20. Nb3 Be6 21. g4 Bxc4 22. gxf5 Bxe2 23. Bxe4 Bf6 24. Rc1 Bxf1 25. Kxf1 c4 26. a6 cxb3 27. Rxc8 Rxc8 28. axb3 d3 29. b4 d2 30. Ke2 Rd8 31. Kd1 Bd4 32. Kxd2 Bxf2+ 33. Kc3 Kg7 34. Kc4 Kf6 35. Kb5 Ke5 36. Bc2 Rb8+ 37. Ka5 Kd6 38. b5 Bb6+ 39. Kb4 Re8 40. Kc4 Re2 41. Bd3 Rxh2 42. f6 Rh4+ 43. Kc3 Ke5 44. Kd2 Kxf6 0-1

[Event "Titled Tuesday intern op 23rd Apr Early"]
[Site "Chess.com INT"]
[Date "2024.04.23"]
[Round "5"]
[White "Subramanian, Anusha"]
[Black "Girones Barrios, Yans Richard"]
[Result "1/2-1/2"]
[WhiteElo "2033"]
[BlackElo "2392"]
[PlyCount "90"]
[EventDate "2024.04.23"]
[EventType "swiss (blitz)"]
[EventRounds "11"]
[EventCountry "USA"]
[SourceTitle "EXT 2025"]
[Source "ChessBase"]
[SourceDate "2024.10.14"]
[SourceVersion "1"]
[SourceVersionDate "2024.10.14"]
[SourceQuality "1"]

1. c4 Nf6 2. Nc3 e6 3. e4 d5 4. exd5 exd5 5. d4 Bb4 6. Nf3 0-0 7. Be2 dxc4 8. Bxc4 Re8+ 9. Be3 Nd5 10. Bxd5 Qxd5 11. 0-0 Bxc3 12. bxc3 Bg4 13. h3 Bxf3 14. Qxf3 Qxf3 15. gxf3 Nd7 16. Rab1 b6 17. Rb2 Re6 18. Kh2 Rae8 19. Rg1 Nf6 20. Rbb1 Nd5 21. c4 Nxe3 22. fxe3 Rxe3 23. Rb3 Rxb3 24. axb3 Re3 25. Ra1 g5 26. Rxa7 c5 27. dxc5 bxc5 28. Ra5 Rxb3 29. Rxc5 h6 30. Kg3 Kg7 31. Kg4 Kg6 32. Rc6+ f6 33. c5 Rc3 34. Rc8 h5+ 35. Kg3 Rc2 36. h4 Rc3 37. hxg5 fxg5 38. c6 g4 39. c7 Kg7 40. Ra8 Rxc7 41. fxg4 hxg4 42. Kxg4 Rf7 43. Ra5 Rf6 44. Rg5+ Rg6 45. Rxg6+ Kxg6 1/2-1/2

[Event "Charlotte CCCSA Summer IM-C"]
[Site "Charlotte"]
[Date "2022.07.28"]
[Round "8"]
[White "Luo, Terry"]
[Black "Girones Barrios, Yans Richard"]
[Result "0-1"]
[WhiteElo "2204"]
[BlackElo "2412"]
[PlyCount "74"]
[EventDate "2022.07.24"]
[EventType "tourn"]
[EventRounds "9"]
[EventCountry "USA"]
[SourceTitle "CBM 209 Extra"]
[Source "ChessBase"]
[SourceDate "2022.09.30"]
[SourceVersion "1"]
[SourceVersionDate "2022.09.30"]
[SourceQuality "1"]

1. d4 Nf6 2. c4 e6 3. g3 d5 4. Bg2 dxc4 5. Qa4+ Nbd7 6. Qxc4 c5 7. Nf3 a6 8. 0-0 b5 9. Qb3 Bb7 10. a4 c4 11. Qd1 b4 12. Ne5 Bxg2 13. Kxg2 Rc8 14. Nd2 Nxe5 15. dxe5 Nd7 16. Ne4 Nxe5 17. Bf4 Nc6 18. Qxd8+ Nxd8 19. Rac1 Nb7 20. Rfd1 f6 21. Nd6+ Bxd6 22. Bxd6 a5 23. e4 Rc6 24. e5 Nxd6 25. Rxd6 Rxd6 26. exd6 Kd7 27. Rxc4 Rc8 28. Rxc8 Kxc8 29. Kf3 Kd7 30. Ke4 Kxd6 31. Kd4 e5+ 32. Kc4 Kc6 33. g4 g6 34. h3 h6 35. h4 h5 36. gxh5 gxh5 37. f3 f5 0-1

[Event "Charlotte CCCSA Summer IM-C"]
[Site "Charlotte"]
[Date "2022.07.26"]
[Round "3"]
[White "Girones Barrios, Yans Richard"]
[Black "Arjun, Vishnuvardhan"]
[Result "1-0"]
[WhiteElo "2412"]
[BlackElo "2273"]
[PlyCount "67"]
[EventDate "2022.07.24"]
[EventType "tourn"]
[EventRounds "9"]
[EventCountry "USA"]
[SourceTitle "CBM 209 Extra"]
[Source "ChessBase"]
[SourceDate "2022.09.30"]
[SourceVersion "1"]
[SourceVersionDate "2022.09.30"]
[SourceQuality "1"]

1. d4 Nf6 2. c4 c5 3. d5 b5 4. cxb5 a6 5. bxa6 g6 6. Nc3 Bg7 7. e4 0-0 8. f4 Qa5 9. e5 Ne4 10. Qd3 Nxc3 11. Bd2 Bxa6 12. Qxc3 Qa4 13. Qxc5 Bxf1 14. Kxf1 d6 15. b3 Qxb3 16. axb3 Rxa1+ 17. Qc1 Rxc1+ 18. Bxc1 dxe5 19. fxe5 Bxe5 20. Nf3 Bf6 21. Ke2 Rc8 22. Bd2 Rd8 23. Rc1 Kg7 24. Rc5 Rd6 25. Ba5 Nd7 26. Rb5 h5 27. b4 Ra6 28. h3 h4 29. Kd3 Ra7 30. Ke4 Kh6 31. Nd4 Bg7 32. Nc6 Nf6+ 33. Kf3 Rd7 34. Ne5 1-0

[Event "Space Coast op 24th"]
[Site "Cocoa Beach"]
[Date "2017.04.29"]
[Round "4"]
[White "Girones Barrios, Yans Richard"]
[Black "Perrine, Dalton"]
[Result "1/2-1/2"]
[WhiteElo "2421"]
[BlackElo "2308"]
[PlyCount "142"]
[EventDate "2017.04.28"]
[EventType "swiss"]
[EventRounds "5"]
[EventCountry "USA"]
[SourceTitle "CBM 178 Extra"]
[Source "ChessBase"]
[SourceDate "2017.06.22"]
[SourceVersion "1"]
[SourceVersionDate "2017.06.22"]
[SourceQuality "1"]

1. d4 Nf6 2. c4 c5 3. d5 b5 4. cxb5 a6 5. bxa6 g6 6. Nc3 Bxa6 7. Nf3 d6 8. e4 Bxf1 9. Kxf1 Bg7 10. g3 0-0 11. Kg2 Nbd7 12. h3 Qa5 13. Qc2 Nb6 14. a4 Nfd7 15. Bg5 Rfe8 16. Rhc1 Qb4 17. Bd2 Nc4 18. b3 Nxd2 19. Nxd2 Reb8 20. Rab1 Bh6 21. f4 g5 22. Ne2 gxf4 23. gxf4 f5 24. Nc4 Nf6 25. e5 dxe5 26. Qxf5 Qb7 27. Qe6+ Kh8 28. Nxe5 Ra6 29. Nc6 Rg8+ 30. Kh2 Qc7 31. Rg1 Bxf4+ 32. Kh1 Rf8 33. Rbf1 Bh6 34. Nc3 Bg7 35. Qxe7 Qxe7 36. Nxe7 Re8 37. Nf5 Bf8 38. Re1 Rxe1 39. Rxe1 Rb6 40. Re6 Nxd5 41. Rxb6 Nxb6 42. a5 Na8 43. Kg2 c4 44. bxc4 Bb4 45. Nd5 Bxa5 46. Kf3 Nb6 47. Nxb6 Bxb6 48. Ke4 Kg8 49. Nd6 Kg7 50. Kf5 Kh6 51. Kg4 Kg6 52. h4 h5+ 53. Kf3 Bd8 54. Kg3 Kf6 55. Kf4 Ke6 56. Nf5 Kd7 57. Ke5 Kc6 58. Nd4+ Kd7 59. Nf3 Kc6 60. Ng5 Bc7+ 61. Kd4 Bb6+ 62. Ke4 Bf2 63. Nf3 Kc5 64. Kd3 Bg3 65. Kc3 Bf2 66. Kd3 Bg3 67. Nd4 Bxh4 68. Ne6+ Kd6 69. Nf4 Bg3 70. Nxh5 Be5 71. Ke4 Kc5 1/2-1/2

[Event "Space Coast op 24th"]
[Site "Cocoa Beach"]
[Date "2017.04.29"]
[Round "3"]
[White "Quesada Perez, Yuniesky"]
[Black "Girones Barrios, Yans Richard"]
[Result "1-0"]
[WhiteElo "2630"]
[BlackElo "2421"]
[PlyCount "63"]
[EventDate "2017.04.28"]
[EventType "swiss"]
[EventRounds "5"]
[EventCountry "USA"]
[SourceTitle "CBM 178 Extra"]
[Source "ChessBase"]
[SourceDate "2017.06.22"]
[SourceVersion "1"]
[SourceVersionDate "2017.06.22"]
[SourceQuality "1"]

1. e4 e5 2. Nf3 Nc6 3. Bb5 a6 4. Ba4 Nf6 5. 0-0 Be7 6. d3 d6 7. c3 0-0 8. Re1 Re8 9. h3 Bf8 10. c4 Bd7 11. Be3 g6 12. Nc3 Bg7 13. Rc1 Rc8 14. a3 Nh5 15. Nd5 Nf4 16. Nxf4 exf4 17. Bxf4 Bxb2 18. Rb1 Bxa3 19. d4 a5 20. Rxb7 Bb4 21. Re3 Qe7 22. Qa1 Qf6 23. Bg5 Qg7 24. e5 dxe5 25. d5 f6 26. dxc6 Be6 27. Bh4 g5 28. Bg3 Bxc4 29. Qc1 Qf7 30. Nd2 Be6 31. Ne4 Red8 32. Rf3 1-0

[Event "Titled Tuesday intern Qual1 4th April"]
[Site "Chess.com INT"]
[Date "2017.04.04"]
[Round "10"]
[White "Dominguez Perez, Leinier"]
[Black "Girones Barrios, Yans Richard"]
[Result "1-0"]
[WhiteElo "2739"]
[BlackElo "2421"]
[PlyCount "45"]
[EventDate "2017.04.04"]
[EventType "swiss (blitz)"]
[EventRounds "10"]
[EventCountry "USA"]
[SourceTitle "EXT 2021"]
[Source "ChessBase"]
[SourceDate "2020.10.23"]
[SourceVersion "1"]
[SourceVersionDate "2020.10.23"]
[SourceQuality "1"]

1. d4 Nf6 2. Nf3 e6 3. g3 d5 4. Bg2 c5 5. 0-0 Nc6 6. c4 dxc4 7. Ne5 Bd7 8. Na3 cxd4 9. Naxc4 Bc5 10. Bf4 0-0 11. Rc1 Rc8 12. Qb3 b6 13. Nd3 Nd5 14. Bd6 Bxd6 15. Nxd6 Rc7 16. Nb5 Rc8 17. Qa3 Na5 18. Nxd4 Nc4 19. Qa6 Nd6 20. Ne5 f6 21. Nec6 Bxc6 22. Nxe6 Qd7 23. Nxf8 1-0